Pokémon Quiz: Fire Type - Statistics

General Stats
  • This quiz has been taken 13 times
    6 since last reset
  • The average score is 61 of 87
Answer Stats
National Dex No. Answer % Correct
No. 0006 Charizard
100%
No. 0004 Charmander
100%
No. 0005 Charmeleon
100%
No. 0105 Alolan Marowak
75%
No. 0059 Arcanine
75%
No. 0806 Blacephalon
75%
No. 0257 Blaziken
75%
No. 0654 Braixen
75%
No. 0323 Camerupt
75%
No. 0851 Centiskorch
75%
No. 0609 Chandelure
75%
No. 0390 Chimchar
75%
No. 0815 Cinderace
75%
No. 0256 Combusken
75%
No. 0910 Crocalor
75%
No. 0155 Cyndaquil
75%
No. 0655 Delphox
75%
No. 0500 Emboar
75%
No. 0244 Entei
75%
No. 0653 Fennekin
75%
No. 0136 Flareon
75%
No. 0909 Fuecoco
75%
No. 0058 Growlithe
75%
No. 0631 Heatmor
75%
No. 0485 Heatran
75%
No. 0059 Hisuian Arcanine
75%
No. 0058 Hisuian Growlithe
75%
No. 0157 Hisuian Typhlosion
75%
No. 0250 Ho-Oh
75%
No. 0229 Houndoom
75%
No. 0228 Houndour
75%
No. 0727 Incineroar
75%
No. 0392 Infernape
75%
No. 0608 Lampent
75%
No. 0636 Larvesta
75%
No. 0725 Litten
75%
No. 0607 Litwick
75%
No. 0240 Magby
75%
No. 0219 Magcargo
75%
No. 0126 Magmar
75%
No. 0467 Magmortar
75%
No. 0146 Moltres
75%
No. 0391 Monferno
75%
No. 0038 Ninetales
75%
No. 0322 Numel
75%
No. 1017 Ogerpon
75%
No. 0513 Pansear
75%
No. 0499 Pignite
75%
No. 0077 Ponyta
75%
No. 0156 Quilava
75%
No. 0814 Raboot
75%
No. 0078 Rapidash
75%
No. 0643 Reshiram
75%
No. 0813 Scorbunny
75%
No. 0514 Simisear
75%
No. 0850 Sizzlipede
75%
No. 0911 Skeledirge
75%
No. 0218 Slugma
75%
No. 0498 Tepig
75%
No. 0255 Torchic
75%
No. 0324 Torkoal
75%
No. 0726 Torracat
75%
No. 0776 Turtonator
75%
No. 0157 Typhlosion
75%
No. 0494 Victini
75%
No. 0721 Volcanion
75%
No. 0637 Volcarona
75%
No. 0037 Vulpix
75%
No. 0936 Armarouge
50%
No. 0128 Blaze Breed Tauros
50%
No. 0937 Ceruledge
50%
No. 0935 Charcadet
50%
No. 0839 Coalossal
50%
No. 0555 Darmanitan
50%
No. 0554 Darumaka
50%
No. 0662 Fletchinder
50%
No. 0555 Galarian Darmanitan
50%
No. 0994 Iron Moth
50%
No. 0667 Litleo
50%
No. 0668 Pyroar
50%
No. 0757 Salandit
50%
No. 0758 Salazzle
50%
No. 0952 Scovillain
50%
No. 0663 Talonflame
50%
No. 0838 Carkol
25%
No. 1004 Chi-Yu
25%
No. 0741 Oricorio
25%
No matching quizzes found
Score Distribution
Percent of People with Each Score
Percentile by Number Answered
Your Score History
You have not taken this quiz since the last reset